000
00223nam a22001097a 4500
999
_c
65182
_d
65179
082
_a
297.1226
100
_a
Mahmoud M.Ayoub
245
_a
The Quran and its Interpreters
260
_a
Albany
300
_a
290
942
_c
BK